000 00684nam a2200229Ia 4500
003 GCL
008 140319s9999 xx 000 0 ara d
040 _aGCL /
_cGCL
082 0 4 _a327.62047
_bف ع
100 1 _aفؤاد مرسى
245 1 0 _aالعلاقات المصرية السوفيتية 1970-1957 /
_cفؤاد مرسى
260 _a[S.N] :
_bدلتا كمبيوتر ،
_c1992
300 _a245 ص
490 _a
650 0 4 _aمصر
650 0 4 _aالاتحاد السوفيتى
650 0 4 _aالنزاع العربى الاسرائيلى
650 0 4 _aالاسلحة
650 0 4 _aالعلاقات الخارجية
650 0 4 _aتجارة
942 _2ddc
_cBK
999 _c36100
_d36100